UBT Library

Mass communication : (Record no. 1275)

000 -LEADER
fixed length control field 00515nam a22001937a 4500
008 - FIXED-LENGTH DATA ELEMENTS--GENERAL INFORMATION
fixed length control field 151013b xxu||||| |||| 00| 0 eng d
020 ## - INTERNATIONAL STANDARD BOOK NUMBER
International Standard Book Number 9780872894846
041 0# - LANGUAGE CODE
Language code of text/sound track or separate title eng
080 ## - UNIVERSAL DECIMAL CLASSIFICATION NUMBER
Universal Decimal Classification number 316.77
100 1# - Rafti
Rafti Hanson, Ralph E.
245 10 - TITLE STATEMENT
Title Mass communication :
Statement of responsibility, etc Ralph E. Hanson.
250 ## -
-- 2nd ed.
260 ## -
-- Washington, D.C. :
-- CQ Press,
-- 2008.
300 ## -
-- xxxiii, 614 f. :
-- me il.;
-- 26 cm.
650 #0 -
-- Media
650 #0 -
-- Komunikim
650 #0 -
-- Masiv
942 ## - ADDED ENTRY ELEMENTS (KOHA)
Source of classification or shelving scheme
Item type Books
Holdings
Withdrawn status Lost status Source of classification or shelving scheme Damaged status Not for loan Collection code Permanent location Current location Shelving location Date acquired Total Checkouts Full call number Barcode Date last seen Price effective from Koha item type
          Koleksioni i përgjithshem UBT - Lipjan UBT - Lipjan Koleksioni i përgjithshem 10/13/2015   316.77 HAN 002-008315 10/13/2015 10/13/2015 Books
          Koleksioni i përgjithshem UBT - Lipjan UBT - Lipjan Koleksioni i përgjithshem 08/28/2017   070 HAN 002-2919163 08/28/2017 08/28/2017 Books
          Koleksioni i përgjithshem UBT - Lipjan UBT - Lipjan Koleksioni i përgjithshem 08/28/2017   070 HAN 002-2919158 08/28/2017 08/28/2017 Books
          Koleksioni i përgjithshem UBT - Lipjan UBT - Lipjan Koleksioni i përgjithshem 08/28/2017   070 HAN   08/28/2017 08/28/2017 Books
          Koleksioni i përgjithshem UBT - Lipjan UBT - Lipjan Koleksioni i përgjithshem 08/28/2017   070 HAN 002-2919092 08/28/2017 08/28/2017 Books
          Koleksioni i përgjithshem UBT - Lipjan UBT - Lipjan Koleksioni i përgjithshem 08/29/2017   070 HAN 002-2919020 08/29/2017 08/29/2017 Books
UBT Library © 2015-2024. All rights reserved University Education for Business and Technology